01065cas a2200205 a 450000500170000000800410001702200140005804002490007204100080032104400080032924500500033724600800038726000690046730000330053665000430056965000410061265000380065371000540069177601140074520170526161124.0750920c18639999mau x m 0 a0eng 0 a0027-4100 aDLCcMULdFULdCOOdHULdOCLdNYGdAIPdHULdAIPdOCLdAIPdAGLdNSDdDLCdNSTdDLCdNSTdIULdNSTdSYSdGUAdOCLCQdNLMdOCLCQdNLGGCdOCLCQdIULdNSDdTJCdKRTASdOCLCQdAMAZNdCUSdUKMGBdOCLCFdCUSdAU@dCUSdCGUdEUWdOCLCQdOCLdCO-BoIAVH0 aeng axxu00aBulletin of the Museum of Comparative Zoology15aBulletin of the Museum of Comparative Zoology at Harvard Collegef1863-1963 aCambridge (Massachusetts, EE. UU.) :bHarvard University,c1863- bilustraciones ;c24 - 25 cm.26aZoologíavPublicaciones periódicas26aAnimalesvPublicaciones periódicas26aFaunavPublicaciones periódicas2 aHarvard UniversitybMuseum of Comparative Zoology08iOnline version:tBulletin of the Museum of Comparative Zoologyx1938-2987w(DLC) 2008215341w(OCoLC)81149128